000 00507nam a2200205Ia 4500
005 20230714094809.0
008 131103s9999 xx 000 0 und d
040 _aLoreto College
041 _aEnglish
082 _a920
_bCHA
100 _aChaplin,Charks
245 _aMy Autobiography
_cCharles Chaplin
260 _aHarmondsworth
_bPenguin Books
_c1966
300 _a494 p.
504 _aIncludes index
650 _aChaplin,Charles
651 _aAutobiography
850 _aLCLIB
942 _cBK
999 _c12165
_d62644